[Event "Titled Tuesday intern op 19th Jul Late"]
[Site "Chess.com INT"]
[Date "2022.07.19"]
[Round "4"]
[White "Muhammed, Shuaau"]
[Black "Vujic, Mihailo"]
[Result "1-0"]
[WhiteElo "1987"]
[BlackElo "2311"]
[PlyCount "73"]
[EventDate "2022.07.19"]
[EventType "swiss (blitz)"]
[EventRounds "11"]
[EventCountry "USA"]
[SourceTitle "EXT 2023"]
[Source "ChessBase"]
[SourceDate "2022.10.05"]
[SourceVersion "1"]
[SourceVersionDate "2022.10.05"]
[SourceQuality "1"]

1. e4 e5 2. Nc3 Nc6 3. Nf3 Nf6 4. Bc4 Nxe4 5. Nxe4 d5 6. Bd3 dxe4 7. Bxe4 Bd6 8. 0-0 0-0 9. Re1 Bg4 10. h3 Bh5 11. g4 Bg6 12. Bxc6 bxc6 13. Nxe5 Bxe5 14. Rxe5 Qh4 15. Qf3 Rae8 16. d4 c5 17. Be3 cxd4 18. Bxd4 Rxe5 19. Bxe5 Re8 20. Bxc7 Be4 21. Qg3 Qe7 22. c4 Rc8 23. Bd6 Qe6 24. c5 Bc6 25. Qe5 Qc4 26. b3 Qd3 27. Qf5 Qxf5 28. gxf5 Re8 29. a4 f6 30. b4 a6 31. b5 axb5 32. axb5 Bxb5 33. Rb1 Bc6 34. Rb6 Re1+ 35. Kh2 Be4 36. c6 h5 37. Kg3 1-0

[Event "Titled Tuesday intern op 19th Jul Late"]
[Site "Chess.com INT"]
[Date "2022.07.19"]
[Round "5"]
[White "Roux, Baptiste"]
[Black "Muhammed, Shuaau"]
[Result "1-0"]
[WhiteElo "2033"]
[BlackElo "1987"]
[PlyCount "65"]
[EventDate "2022.07.19"]
[EventType "swiss (blitz)"]
[EventRounds "11"]
[EventCountry "USA"]
[SourceTitle "EXT 2023"]
[Source "ChessBase"]
[SourceDate "2022.10.05"]
[SourceVersion "1"]
[SourceVersionDate "2022.10.05"]
[SourceQuality "1"]

1. e4 c6 2. d4 d5 3. exd5 cxd5 4. c4 dxc4 5. Bxc4 Nf6 6. Nf3 e6 7. 0-0 Be7 8. Nc3 0-0 9. Bf4 a6 10. Rc1 b5 11. Bd3 Bb7 12. Qe2 Nbd7 13. Ne5 b4 14. Na4 Nxe5 15. Bxe5 Nd7 16. Bc7 Qe8 17. b3 Bf6 18. Bd6 Be7 19. Bxe7 Qxe7 20. Rc7 Bc8 21. Rfc1 Qd6 22. Qe4 Nf6 23. Qxa8 Qxd4 24. Qf3 e5 25. Rxc8 e4 26. Rxf8+ Kxf8 27. Qe3 Qxe3 28. fxe3 exd3 29. Rd1 Ke7 30. Rxd3 Ne4 31. Rd4 Nf2 32. Kxf2 a5 33. Kf3 1-0